000
00311pam a2200145 a 4500
020
_c
041
_a
eng
082
_a
658.8
_b
ADC
100
_a
Adock Ross.
245
_a
Marketing Principles & Practice
_h
Textual Documents
250
_a
1995.
260
_a
[s.l]:
_b
Pitman
300
_a
420p.
930
_a
12924
999
_c
89826
_d
89826